Reimagining Reparations in Human Rights : The Evolving Concept of Reparations in International Human Rights Law /

This edited volume explores the evolution of reparations in human rights law. The book examines the complexities of collective reparations, and delves into inter-state disputes and their impact on the individual. This book also highlights innovative forms of reparation, including the exhumation and...

Full description

Saved in:

Other Authors: Abrusci, Elena (Editor), Iakovidis, Iakovos (Editor), Spijkers, Otto (Editor), Thielbörger, Pierre (Editor)

Format: eBook

Language: English

Published: Leiden ; Boston : Brill | Nijhoff, 2026.

Series: Human Rights and Humanitarian Law E-Books Online, Collection 2026.
International Studies in Human Rights ; 149.

Subjects:

Online Access: Login to view Source

Tags: Add Tag

No Tags, Be the first to tag this record!

Call Number: K3240 .I5788

LEADER 02725nam a22005058i 4500
001 BRILL9789004716742
003 nllekb
005 20260324115023.0
006 m d
007 cr un uuuua
008 251016s2026 gw sb 001 0 eng d
020 |a 9789004716742  |q (electronic book) 
020 |z 9789004716735  |q (print) 
024 7 |a 10.1163/9789004716742  |2 DOI 
040 |a NL-LeKB  |c NL-LeKB  |e rda 
041 |a eng 
050 4 |a K3240 .I5788 
072 7 |a LAW  |x 051000  |2 bisacsh 
072 7 |a LBBR  |2 bicssc 
072 7 |a POL  |x 035010  |2 bisacsh 
082 0 4 |a 341.48  |2 23 
245 0 0 |a Reimagining Reparations in Human Rights :  |b The Evolving Concept of Reparations in International Human Rights Law /  |c edited by Otto Spijkers, Iakovos Iakovidis, Pierre Thielbörger, and Elena Abrusci. 
246 3 |a The Evolving Concept of Reparations in International Human Rights Law 
264 1 |a Leiden ;  |a Boston :  |b Brill | Nijhoff,  |c 2026. 
264 4 |c ©2026 
300 |a 1 online resource (272 pages) :  |b illustrations. 
336 |a text  |b txt  |2 rdacontent 
337 |a computer  |b c  |2 rdamedia 
338 |a online resource  |2 rdacarrier 
490 1 |a Human Rights and Humanitarian Law E-Books Online, Collection 2026 
490 1 |a International Studies in Human Rights ;  |v 149 
504 |a Includes bibliographical references and index. 
520 |a This edited volume explores the evolution of reparations in human rights law. The book examines the complexities of collective reparations, and delves into inter-state disputes and their impact on the individual. This book also highlights innovative forms of reparation, including the exhumation and return of remains, creative symbolic reparations through art, and Indigenous music as a form of relational healing. Addressing pressing issues such as climate justice and the integration of development and reparations, this collection offers vital insights for advancing justice and reparation globally. 
546 |a English 
588 |a Description based on print version record. 
650 0 |a Human Rights and Humanitarian Law. 
700 1 |a Abrusci, Elena,  |e editor. 
700 1 |a Iakovidis, Iakovos,  |e editor. 
700 1 |a Spijkers, Otto,  |e editor. 
700 1 |a Thielbörger, Pierre,  |e editor. 
776 0 8 |i Print version:  |t Reimagining Reparations in Human Rights : The Evolving Concept of Reparations in International Human Rights Law.  |d Leiden ; Boston : Brill | Nijhoff, 2026.  |z 9789004716735  |w (OCoLC)1529578615 
830 0 |a Human Rights and Humanitarian Law E-Books Online, Collection 2026. 
830 0 |a International Studies in Human Rights ;  |v 149. 
856 4 |z DOI:   |u http://dx.doi.org/10.1163/9789004716742 
999 |c 61951  |d 61951